| 000 | 04216cgm a2200889Ia 4500 | ||
|---|---|---|---|
| 001 | ocn697662191 | ||
| 003 | OCoLC | ||
| 005 | 20241220130734.0 | ||
| 008 | 110120s2011 cau118 vleng d | ||
| 007 | vd cvaizq | ||
| 040 |
_aTEFMT _cTEFMT _dBTCTA _dTEF _dKYB _dGK8 _dJO6 _dIVY _dWIQ _dUINTA |
||
| 024 | 1 | 0 |
_a013132313092 _d80 |
| 028 | 4 | 2 |
_aWC23130 _bAnchor Bay Entertainment |
| 035 | _a(OCoLC)697662191 | ||
| 037 |
_bMidwest Tape _nhttp://www.midwesttapes.com |
||
| 041 | 1 |
_aeng _jeng _jspa _heng |
|
| 043 |
_au-at--- _ae-uk--- |
||
| 044 |
_acau _axxk _aat |
||
| 050 | 4 |
_aPN1997.2 _b.K56 2011 |
|
| 082 | 0 | 4 |
_a791.43/72 _222 |
| 049 | _aUCLB | ||
| 092 | _a791.437 | ||
| 130 | 0 |
_aKing's speech (Motion picture) _96221392 |
|
| 245 | 1 | 4 |
_aThe king's speech _h[videorecording] / _cThe Weinstein Company and UK Film Council present in association with Momentum Pictures, Aegis Film Fund, Molinare, London Filmation Entertainment ; aSee-Saw Films/Bedlam Production ; produced by Iain Canning, Emile Sherman, Gareth Unwin ; screenplay by David Seidler ; directed by Tom Hooper. |
| 257 |
_aGreat Britain _aUnited States _aAustralia |
||
| 260 |
_aBeverly Hills, CA : _bAnchor Bay Entertainment, _c[2011] |
||
| 300 |
_a1 videodisc (118 min.) : _bsd., col. ; _c4 3/4 in. |
||
| 538 | _aDVD, widescreen, NTSC. | ||
| 546 | _aIn English with optional Spanish subtitles; optionally subtitled in English for the hearing impaired. | ||
| 511 | 1 | _aColin Firth, Geoffrey Rush, Helena Bonham Carter, Guy Pearce, Timothy Spall, Derek Jacobi, Jennifer Ehle, Anthony Andrews, Clair Bloom, Eve Best, Michael Gambon. | |
| 508 | _aEditor, Tariq Anwar ; music, Alexandre Desplat. | ||
| 500 | _aOriginally released as a motion picture in 2010. | ||
| 521 | 8 | _aMPAA rating: R; for some language. | |
| 520 | _aThe story of King George VI of Britain, his impromptu ascension to the throne and the speech therapist who helped the unsure monarch become worthy of it. | ||
| 500 | _aSpecial features: Featured commentary with director Tom Hooper ; The king's speech: and inspirational story of an unlikely friendship ; Q & A with the director and cast ; Speeches from the real King George VI ; The real Lionel Logue ; The Stuttering Foundation (Public service announcement) | ||
| 586 | _aAcademy Award, Best Picture of 2010. | ||
| 600 | 0 | 0 |
_aGeorge _bVI, _cKing of Great Britain, _d1895-1952 _vDrama. _95749271 |
| 600 | 1 | 0 |
_aLogue, Lionel, _d1880-1953 _vDrama. _96221393 |
| 650 | 0 |
_aSpeech therapists _zAustralia _vDrama. _96513701 |
|
| 650 | 0 |
_aSpeech therapy _zGreat Britain _vDrama. _96513702 |
|
| 650 | 0 |
_aSpeech disorders _xPatients _vDrama. _96513703 |
|
| 655 | 0 |
_aFeature films. _96221397 |
|
| 655 | 0 |
_aFiction films. _96221398 |
|
| 655 | 0 |
_aBiographical films. _9102649 |
|
| 655 | 0 |
_aHistorical films. _96221399 |
|
| 655 | 0 |
_aVideo recordings for the hearing impaired. _96221400 |
|
| 700 | 1 |
_aFirth, Colin, _d1960- _4act _959747 |
|
| 700 | 1 |
_aRush, Geoffrey, _d1951- _4act _976388 |
|
| 700 | 1 |
_aBonham Carter, Helena, _d1966- _4act _939418 |
|
| 700 | 1 |
_aPearce, Guy, _d1967- _4act _964697 |
|
| 700 | 1 |
_aSpall, Timothy, _d1957- _4act _963542 |
|
| 700 | 1 |
_aJacobi, Derek. _4act _959579 |
|
| 700 | 1 |
_aEhle, Jennifer, _d1969- _4act _962214 |
|
| 700 | 1 |
_aAndrews, Anthony, _d1948- _4act _963031 |
|
| 700 | 1 |
_aBloom, Claire, _d1931- _4act _914622 |
|
| 700 | 1 |
_aBest, Eve, _d1971- _4act _96208018 |
|
| 700 | 1 |
_aGambon, Michael. _4act _976049 |
|
| 700 | 1 |
_aCanning, Iain. _4pro _95872236 |
|
| 700 | 1 |
_aSherman, Emile. _4pro _96221401 |
|
| 700 | 1 |
_aUnwin, Gareth. _4pro _96221402 |
|
| 700 | 1 |
_aSeidler, David. _4aus _96205331 |
|
| 700 | 1 |
_aHooper, Tom, _d1972- _4drt _96221403 |
|
| 700 | 1 |
_aDesplat, Alexandre. _976818 |
|
| 710 | 2 |
_aWeinstein Company. _973072 |
|
| 710 | 2 |
_aUK Film Council. _970113 |
|
| 710 | 2 |
_aMomentum Pictures. _95810991 |
|
| 710 | 2 |
_aAegis Film Fund. _96221404 |
|
| 710 | 2 |
_aMolinare (Firm) _96221405 |
|
| 710 | 2 |
_aLondon Filmation Entertainment. _96221406 |
|
| 710 | 2 |
_aSee-Saw Films. _96221407 |
|
| 710 | 2 |
_aBedlam Production. _96221408 |
|
| 710 | 2 |
_aAnchor Bay Entertainment, Inc. _962410 |
|
| 938 |
_aBaker and Taylor _bBTCP _nBEDDCS WC23130 |
||
| 942 |
_cDVD _0368 |
||
| 994 |
_aC0 _bUINTA |
||
| 998 | _aa143256 | ||
| 999 |
_c76945 _d76945 |
||